000 00769nam a22002537a 4500
001 BR0403798
003 BR-BrBNA
005 20230928101703.0
007 ta
008 230509b bl.||||| |||| 00| 0 por d
040 _aBR-BrBNA
_bpor
_cBiblioteca Nacional de Agricultura
041 _a(Por)
072 _aK50
090 _ K50 BR0403798
110 1 _aAssociação Brasileira de Celulose e Papel, São Paulo, SP (Brasil)
_9819
245 1 _aBRACELPA - Associação Brasileira de Celulose e Papel; Endereços dos fabricantes brasileiros de pastas celulósicas e papel
260 3 _aSão Paulo, SP (Brasil):
_c2003.
300 _a63 p.
650 _aCELULOSE
650 _aPAPEL
650 _aCATALOGO
909 _a202309
_bLucia
_c55
_dLucia Elande
942 _cBK
999 _c67078
_d67078